|
|
|
|
| LEADER |
00000nab a2200000 a 4500 |
| 001 |
vtls000463238 |
| 003 |
SK-MaSNL |
| 005 |
20260304080648.0 |
| 008 |
250424c1990 xo 0 slo |
| 015 |
|
|
|a SNBRA19rr/mm-uuuuu
|
| 035 |
|
|
|a CL0463371
|
| 035 |
|
|
|a urn:nbn:sk:snk-abb2g
|
| 035 |
|
|
|a (urnnbn)urn:nbn:sk:snk:ar-a04dkq
|
| 035 |
|
|
|a (uuid)5ff4ab0e-58ea-4284-98a5-a3e020a06a24
|
| 040 |
|
|
|a SNKBUCL
|b slo
|c SNKBUCL
|e AACR2
|
| 041 |
0 |
|
|a slo
|
| 044 |
|
|
|a xo
|c SK
|
| 080 |
|
|
|a 904"14":911.373:902
|2 1981
|
| 080 |
|
|
|a 911.373
|2 1981
|
| 080 |
|
|
|a 902
|2 1981
|
| 100 |
1 |
|
|a Novotný, Bohuslav,
|d 1921-1996
|4 aut
|9 119097
|
| 245 |
1 |
0 |
|a Ďalšia etapa výskumu na lokalite Šumava-Zemské
|c Bohuslav Novotný
|
| 300 |
|
|
|b Res. nem., rus.
|
| 650 |
0 |
7 |
|a dediny stredoveké
|2 snkbucl
|9 1324307
|
| 650 |
0 |
7 |
|a archeologické nálezy
|2 snkbucl
|9 4975
|
| 650 |
0 |
7 |
|a Hrachovisko (Slovensko)
|2 snkbucl
|9 1211437
|
| 655 |
|
7 |
|a články zo zborníkov
|2 snkbucl
|9 166140
|
| 773 |
0 |
|
|t Archeologické výskumy a nálezy na Slovensku v roku 1988
|d Nitra : AÚ SAV, 1990
|g S. 128
|
| 850 |
|
|
|a Slovenská národná knižnica
|
| 852 |
|
|
|a Slovenská národná knižnica
|
| 954 |
|
|
|a odborná, vedecká literatúra pôvodná (slovenská)
|2 lita
|
| 957 |
|
|
|a 5406
|
| 958 |
|
|
|a article27
|
| 958 |
|
|
|a RK
|
| 958 |
|
|
|a OND
|
| 958 |
|
|
|a EUIPO
|
| 992 |
|
|
|a RZB
|
| 999 |
|
|
|c 2787607
|d 2789537
|